| 000 | 01259cam a2200337 i 4500 | ||
|---|---|---|---|
| 001 | 63072 | ||
| 003 | Mx-PuUPA | ||
| 005 | 20260129115104.0 | ||
| 008 | 150625s2014 mx gr 001 0 spa d | ||
| 020 | _a9786074510935 | ||
| 040 |
_erda _cMx-PuUPA _aMx-PuUPA _bspa _dMx-PuUPA |
||
| 041 | 0 | _aspa | |
| 100 | 1 |
_aIbarrola, María de, _eautor _913191 |
|
| 245 | 1 | 0 |
_aUna nueva educación para América Latina en el siglo XXI : _bdesafíos, tensiones y dilemas / _cMaría de Ibarrola |
| 250 | _aPrimera edición | ||
| 264 | 1 |
_aMéxico : _bANUIES, _c2014 |
|
| 300 |
_a174 páginas ; _c16 cm. |
||
| 336 |
_atexto _2rdacontent _btxt |
||
| 337 |
_asin mediación _2rdamedia _bn |
||
| 338 |
_avolumen _2rdacarrier _bnc |
||
| 490 | 0 |
_aTemas de hoy en la educación superior ; _v30 |
|
| 650 | 7 |
_2armarc _aEducación _zAmérica Latina _ySiglo XXI |
|
| 650 | 7 |
_2armarc _aIgualdad en la educación _zAmérica Latina |
|
| 650 | 7 |
_2armarc _aEducación Técnica _zAmérica Latina |
|
| 650 | 7 |
_aEstudiantes empleo _2armarc |
|
| 650 | 7 |
_aIgualdad de oportunidades en educación _zAmérica Latina _2armarc |
|
| 942 |
_2ddc _cLI _h370.98 _iI52 |
||
| 999 |
_c63072 _d63072 |
||